| 000 | 00795nas a2200253 4500 | ||
|---|---|---|---|
| 001 | BR2012007902 | ||
| 003 | BR-BrBNA | ||
| 005 | 20231205121344.0 | ||
| 007 | ta | ||
| 008 | 230509b bl.|||p| |||| 00| 00por d | ||
| 040 |
_aBR-BrBNA _bpor _cBiblioteca Nacional de Agricultura |
||
| 041 | _a(En) | ||
| 072 | _aE70 | ||
| 100 | 1 | _aRezende, D.C. | |
| 100 | 1 | _aCastro, C.C. de | |
| 245 | 1 | _aPatterns of competition and strategic groups in the special cheese industry in Brazil | |
| 650 | _aQUEIJO | ||
| 650 | _aINDÚSTRIA AGRÍCOLA | ||
| 650 | _aPOLÍTICA DE PREÇO | ||
| 650 | _aMERCADO | ||
| 773 | 0 |
_tOrganizações Rurais e Agroindustriais (Brazil) _xISSN 1517-3879 _g(Jan-Apr 2009), v. 11(1) p. 28-39 _wBR2012007902 |
|
| 909 |
_a202311 _bLúcia _c55 _dLúcia Elande |
||
| 942 |
_2AGRIS _n0 _cANA |
||
| 999 |
_c223121 _d223121 |
||